50 greatest short stories /

書目詳細資料
主要作者: O'Brien, Terry
格式: 圖書
語言:English
出版: New Delhi, Rupa Publications, 2015
主題:
Classic Catalogue: View this record in Classic Catalogue
LEADER 01620nam a22002777a 4500
001 AAL9090
003 BD-DhAAL
005 20170515113750.0
008 170515s 2015- ||||| |||| 00| 0 eng d
999 |c 38142  |d 38142 
020 |a 9788129137258 
040 |a BD-DhAAL  |c BD-DhAAL 
082 |a 823/.01/08 
100 |a O'Brien, Terry   |9 21563 
245 |a 50 greatest short stories /  |c Terry O'Brien, (Quiz master) 
260 |a New Delhi,   |b Rupa Publications,   |c 2015 
300 |a 589 p. ;  |c 22 cm.  
541 |e 9090 
650 |a Short stories, English.  |9 21564 
852 |a Savar Campus Library   |c General Shelf  
942 |2 ddc  |c BK 
952 |0 0  |1 0  |2 ddc  |4 0  |6 823_000000000000000__01_08_OBR  |7 0  |9 60665  |a SCL  |b SCL  |c GEN  |d 2017-05-15  |e Tajin Boi Gar  |g 200.00  |l 19  |m 64  |o 823.0108 OBR  |p 3020009090  |r 2024-12-15  |s 2024-12-12  |t 1  |w 2017-05-15  |y BK 
952 |0 0  |1 0  |2 ddc  |4 0  |6 823_000000000000000__01_08_OBR  |7 0  |9 60666  |a SCL  |b SCL  |c GEN  |d 2017-05-15  |e Tajin Boi Gar  |g 200.00  |l 21  |m 63  |o 823.0108 OBR  |p 3020009094  |r 2026-04-07  |s 2026-02-01  |t 2  |w 2017-05-15  |y BK 
952 |0 0  |1 0  |2 ddc  |4 0  |6 823_000000000000000__01_08_OBR  |7 0  |9 60667  |a SCL  |b SCL  |c GEN  |d 2017-05-15  |e Tajin Boi Gar  |g 200.00  |l 24  |m 73  |o 823.0108 OBR  |p 3020009092  |r 2026-03-31  |s 2025-07-02  |t 3  |w 2017-05-15  |y BK 
952 |0 0  |1 0  |2 ddc  |4 0  |6 823_000000000000000__01_08_OBR  |7 0  |9 60668  |a SCL  |b SCL  |c GEN  |d 2017-05-15  |e Tajin Boi Gar  |g 200.00  |l 11  |m 55  |o 823.0108 OBR  |p 3020009091  |r 2025-02-18  |s 2025-02-08  |t 4  |w 2017-05-15  |y BK 
952 |0 0  |1 0  |2 ddc  |4 0  |6 823_000000000000000__01_08_OBR  |7 0  |9 60669  |a SCL  |b SCL  |c GEN  |d 2017-05-15  |e Tajin Boi Gar  |g 200.00  |l 28  |m 56  |o 823.0108 OBR  |p 3020009093  |q 2026-09-20  |r 2026-05-21  |s 2026-05-21  |t 5  |w 2017-05-15  |y BK